MARC

LEADER 00000nam0a2200000 4500
001 19026
005 20231030191518.0
010 |a 5020079618 
035 |a (RuTPU)RU\TPU\book\19184 
035 |a BOOK00000077 
090 |a 19026 
100 |a 20011209d1988 km y0rusy50 ca 
101 0 |a rus 
102 |a RU 
105 |a y z 000zy 
200 1 |a Точность, истина и рост знания  |f В. И. Кураев, Ф. В. Лазарев 
210 |a Москва  |c Наука  |d 1988 
215 |a 237 с. 
610 1 |a философия 
610 1 |a научное знание 
610 1 |a научная теория 
610 1 |a научное мышление 
610 1 |a 20 век 
610 1 |a теоретическое знание 
686 |a Ю225  |v LBC/SL-A  |2 rubbk 
700 1 |a Кураев  |b В. И.  |g Вячеслав Иванович 
701 1 |a Лазарев  |b Ф. В.  |g Феликс Васильевич 
801 0 |a RU  |b 63413507  |c 20011209  |g PSBO 
801 2 |a RU  |b 63413507  |c 20220912  |g PSBO 
942 |c BK